|
|
|
|
| LEADER |
00000nam0a2200000 4500 |
| 001 |
362745 |
| 005 |
20231102011524.0 |
| 035 |
|
|
|a (RuTPU)RU\TPU\retro\20091
|
| 090 |
|
|
|a 362745
|
| 100 |
|
|
|a 20210824d1965 km y0rusy50 ca
|
| 101 |
1 |
|
|a rus
|c eng
|
| 102 |
|
|
|a RU
|
| 105 |
|
|
|a a z 001zy
|
| 200 |
1 |
|
|a Основные вопросы теории гиперзвуковых течений
|e пер. с англ.
|f Ж. Гиро
|
| 210 |
|
|
|a Москва
|c Мир
|d 1965
|
| 215 |
|
|
|a 300 с.
|c ил.
|
| 320 |
|
|
|a Библиография в конце глав
|
| 320 |
|
|
|a Алфавитно-предметный указатель: с. 296-297
|
| 606 |
1 |
|
|a Аэродинамика сверхзвуковая
|2 stltpush
|3 (RuTPU)RU\TPU\subj\29878
|9 53112
|
| 610 |
1 |
|
|a малые возмущения
|
| 610 |
1 |
|
|a приближенная теория Ньютона
|
| 610 |
1 |
|
|a затупленные тела
|
| 610 |
1 |
|
|a обтекание
|
| 610 |
1 |
|
|a газ
|
| 610 |
1 |
|
|a газовые течения
|
| 610 |
1 |
|
|a гиперзвуковые течения
|
| 675 |
|
|
|a 533.6.011.5
|v 4
|
| 700 |
|
1 |
|a Гиро
|b Ж.
|
| 801 |
|
1 |
|a RU
|b 63413507
|c 20210824
|
| 801 |
|
2 |
|a RU
|b 63413507
|c 20210824
|g RCR
|
| 942 |
|
|
|c BK
|